Clash royale 5 elixir cards - Statistics

General Stats
  • This quiz has been taken 20 times
  • The average score is 14 of 27
Answer Stats
Hint Answer % Correct
Champion Archer queen
82%
Troop Giant
82%
Hero Hero giant
73%
Champion Monk
73%
Troop Witch
73%
Troop Wizard
73%
Evo Evo witch
64%
Troop Balloon
55%
Troop Barbarian
55%
Troop Electro dragon
55%
Evo Evo wizard
55%
Building Inferno tower
55%
Troop Minion horde
55%
Troop Prince
55%
Evo Evo barbarians
45%
Troop Goblin machine
45%
Troop Goblinstein
45%
Spell Graveyard
45%
Troop Ram rider
45%
Troop Royal hogs
45%
Troop Bowler
36%
Evo Evo electro dragon
36%
Evo Evo royal hogs
36%
Troop Rascals
27%
Troop Cannon cart
18%
Evo Evo executioner
18%
Troop Executioner
18%
No matching quizzes found
Score Distribution
Percent of People with Each Score
Percentile by Number Answered
Your Score History
You have not taken this quiz